000 00791 a2200217 4500
010 _aENG-89644
020 _a8120334984
_c395.00
035 _aEN-73177
037 _bDBAD / PUB
082 1 4 _a003.78
090 _c11417
_d11417
100 1 _aTanenbaum, Andrew S.
245 1 _aDistributed systems:
_cby Andrew S. Tanenbaum [and] Maarten Van Steen
_bprinciples and paradigms/
260 _aNew Delhi
_bPrentice Hall of India
_c2008
270 _aM-97, Connaught Circus
_bNew Delhi
_cDelhi
_e110001
300 _axviii, 686p.:
_c24 cm ( Pbk.)
_bfig.
500 _aIncludes bibliographical references & index.
700 1 _aSteen, Maarten Van
942 _adpl
_cEN
_k003.78 / TAN
999 _c11102
_d11102